Drummers by Photo - Statistics

General Stats
  • This quiz has been taken 151 times
  • The average score is 9 of 20
Answer Stats
Picture Answer % Correct
Ringo Starr
89%
Dave Grohl
82%
John Bonham
72%
Lars Ulrich
63%
Neil Peart
63%
Phil Collins
59%
Meg White
57%
Ginger Baker
53%
Tré Cool
51%
Keith Moon
50%
Charlie Watts
49%
Karen Carpenter
46%
Buddy Rich
43%
Roger Taylor
33%
Marky Ramone
28%
Bill Bruford
14%
Sheila E.
14%
Art Blakey
7%
Max Roach
6%
Patrick Carney
4%
No matching quizzes found
Score Distribution
Percent of People with Each Score
Percentile by Number Answered
Your Score History
You have not taken this quiz